El Proyecto ilustrado y la violencia social /

Kaydedildi:
Detaylı Bibliyografya
Yazar: Garza, María Teresa de la
Materyal Türü: Metin
Konular:
Etiketler: Etiketle
Etiket eklenmemiş, İlk siz ekleyin!

MARC

LEADER 00000 a a2200000 04500
001 9614
003
040
100 |a Garza, María Teresa de la  
245 |a El Proyecto ilustrado y la violencia social /  |c María Teresa de la Garza 
650 |a TEORIA  
650 |a VIOLENCIA  
650 |a HISTORIA  
650 |a POLITICA  
773 |g volumen 3, número 11; páginas 443-454  
999 |c 27966  |d 27966